000 01206cam a2200337 a 4500
001 15525603
003 OSt
005 20150408114144.0
008 081117s2009 paua b 000 0 eng
010 _a 2008050043
020 _a9780803620704
020 _a0803620705
035 _a(DNLM)101489258
040 _aDNLM/DLC
_cDLC
_dDLC
042 _apcc
050 0 0 _aRM735
_b.K54 2009
082 0 0 _a615.8/515
_222
_bKGC
100 1 _aKielhofner, Gary,
_d1949-
_938270
245 1 0 _aConceptual foundations of occupational therapy practice /
_cGary Kielhofner.
250 _a4th ed.
260 _aPhiladelphia :
_bF.A. Davis Co.,
_cc2009.
300 _axiv, 315 p. :
_bill. ;
_c27 cm.
500 _aRev. ed. of: Conceptual foundations of occupational therapy. 3rd. ed. c2004.
504 _aIncludes bibliographical references.
650 0 _aOccupational therapy.
650 1 2 _aOccupational Therapy.
700 1 _aKielhofner, Gary,
_d1949-
_tConceptual foundations of occupational therapy.
_938271
906 _a7
_bcbc
_corignew
_d1
_eecip
_f20
_gy-gencatlg
942 _2ddc
_cBOOK
999 _c31461
_d265961